| 000 | 00781nam2a2200205 4500 | ||
|---|---|---|---|
| 001 | RU\NLR\PER_A\003157819_000840 | ||
| 005 | 20250623220609.0 | ||
| 035 | _a(NLR Aleph) 012167580 | ||
| 090 |
_a12224093 _c12224093 |
||
| 100 | _a20191218d2019 |||y0rusy50 ca | ||
| 101 | 0 | _arus | |
| 102 | _aRU | ||
| 200 | 0 | _a2019, № 3 (38) | |
| 210 |
_d2019 _aБ. м. |
||
| 461 | 0 |
_1001RU\NLR\Per\649722 _12001#$aГимнастика$eжурнал Федерации спортивной гимнастики России$v2019, № 3 (38) _93073119 _cМосква _d2009 - _nА2 _oжурнал Федерации спортивной гимнастики России _tГимнастика _v2019, № 3 (38) |
|
| 852 |
_aNLR _jП41/429 |
||
| 942 | _cISSUE | ||
| 980 | _aNB | ||
| 980 | _aRUSPER | ||